Normal view
MARC view
Entry Topical Term
001 - CONTROL NUMBER
- control field: 28560
003 - CONTROL NUMBER IDENTIFIER
- control field: OSt
005 - DATE AND TIME OF LATEST TRANSACTION
- control field: 20240926085052.0
008 - FIXED-LENGTH DATA ELEMENTS
- fixed length control field: 240926|| aca||aabn | a|a d
040 ## - CATALOGING SOURCE
- Original cataloging agency: OSt
- Transcribing agency: OSt
150 ## - HEADING--TOPICAL TERM
- Topical term or geographic name entry element: Action and adventure fiction
- Form subdivision: Fantasy fiction
- Form subdivision: Hindu mythology
- Form subdivision: Paranormal
- Form subdivision: Supernatural
- Form subdivision: Thieves
670 ## - SOURCE DATA FOUND
- Source citation: Work cat.: (OSt): Chokshi, Roshani. 28559, Aru Shah and the song of death : a pandava novel (book two) /, 2019